00792nam a22002297a 450000500170000001000130001702000100003003500130004003700160005304000120006908200190008124502400010026000440034027000430038430000210042750000190044865000170046765000250048470000200050970000180052970000150054720170124110224.0 aA-933967 c00.00 aA-933967 bCen Lib/Ret aDPLbEN a344.04233bGLO aGlobal drugs law :cedited by D.C. Jayasurya;R.K. Nayak [and] A. Wellsbselected papers presented at the Indian Law Institute/UNDCP/International Law Association, Regional Branch, India, International Conference on Global Drugs Law, / aNew DelhibHar Anand Publicationsc1997 a364-A, Chirag DelhibNew Delhie110017 a467p. c21cm(Hb) aIncludes index aDrug control aDrug abuse and crime a Jayasury, D.C. aNayak , R.K.  aWells, A.